| 000 | 01105nam a2200265 a 4500 | ||
|---|---|---|---|
| 001 | 000016972 | ||
| 005 | 20250211105815.0 | ||
| 008 | 100312s1996 dr ad 000 0 spa d | ||
| 040 |
_aDO-SdBNP _bspa _cBNPHU |
||
| 082 |
_a658.503 _bR696t |
||
| 100 | 1 |
_aRodríguez López, Marino, _d1965- _937506 |
|
| 245 | 1 | 0 |
_aTécnicas para preparar la planificación y el costo agrícola y su uso en la administración de fincas / _cMarino Rodríguez López ; prólogo Manolo Sánchez. |
| 260 |
_aBarahona, República Dominicana : _bRodrilca, _c1996. |
||
| 300 |
_a320 p. : _bil., gráfcs. ; _c23 cm. |
||
| 500 | _aIncluye datos biográficos del autor en las solapas. | ||
| 504 | _aIncluye bibliografía y notas al pie de páginas. | ||
| 590 | _aInventariado, 2018/ YL | ||
| 650 | 4 |
_aTécnicas administrativas _91779 |
|
| 650 | 4 |
_aPlanificación agrícola _936239 |
|
| 650 | 4 |
_aAdministración agrícola _937507 |
|
| 650 | 4 |
_aProductividad agrícola _937508 |
|
| 650 | 0 |
_aAgricultura - _xAspectos económicos _930596 |
|
| 700 | 1 |
_aSánchez, Manolo, _epról. _937509 |
|
| 910 | _aValidado. Control de la calidad EMS | ||
| 999 |
_c16503 _d16503 |
||